D. Matthiae Hoe. Augenscheinliche Prob, Wie die Calvinisten in Neun vnd Neuntzig Puncten mit den Arrianern vnd Türcken vbereinstimmen. Wenniglichen zur nachrichtung vnd trewhertziger Warnung, für dem Calvinischen Türcksüchtigen Geist, deutlich vnd einfeltig gestellet, vnd in Druck verfertiget

Hlavní autor: Hoë von Hoënegg, Matthias, 1580-1645
Jazyk: Němčina
Vydáno: Leipzig : In vorlegung Abraham Lamberg, 1621
Témata:
Fyzický popis: 60 s. ; 4°
Knihy
Uloženo v:
LEADER 01651nam a2200397 a 4500
001 mzk03001194339
003 CZ BrMZK
005 20161206114057.0
007 ta
008 131105s1621 gw f |||| 0 ger d
040 |a BOA001  |b cze 
072 7 |a 2  |x Náboženství  |2 Konspekt  |9 5 
072 7 |a 094  |x Staré tisky  |2 Konspekt  |9 12 
080 |a 2-285.4  |2 MRF 
080 |a 025.171  |2 MRF 
080 |a (0.068)094  |2 MRF 
100 1 |a Hoë von Hoënegg, Matthias,  |d 1580-1645  |7 mzk2008479903  |4 aut 
245 1 0 |a D. Matthiae Hoe. Augenscheinliche Prob, Wie die Calvinisten in Neun vnd Neuntzig Puncten mit den Arrianern vnd Türcken vbereinstimmen. Wenniglichen zur nachrichtung vnd trewhertziger Warnung, für dem Calvinischen Türcksüchtigen Geist, deutlich vnd einfeltig gestellet, vnd in Druck verfertiget 
246 3 3 |a Augenscheinliche Prob ... 
260 |a Leipzig :  |b In vorlegung Abraham Lamberg,  |c 1621 
300 |a 60 s. ;  |c 4° 
500 |a Výzdoba: Linky, iniciály, viněty 
501 |a Přívazek 8 k: Ernste vnd abgedrungene gegen Antwort, ... / Jacob von Grünthal 
650 7 |a náboženské polemiky  |7 ph180961  |2 czenas 
650 7 |a historické knihovní fondy  |7 ph172933  |2 czenas 
655 7 |a staré tisky  |7 fd422076  |2 czenas 
903 |a RP 
910 |e BOE950  |c R - T. I. b. 19,přív.8 
978 |b Lamberg, Abraham  |a Leipzig  |c 1621 
984 |a Lipsko  |b Německo 
985 |a 1601-1650 
990 |a BK 
996 |e BOE950  |c R - T. I. b. 19,přív.8 
991 |k rajhrad 
980 |g R - T. I. b. 19,přív.8  |p CN 10697 
994 |a UP  |l MZK03  |b 001194291  |m přívazek 8  |n záznam 1. díla (pro objednání pokračujte kliknutím)